Deftones - Around the Fur Songs - Statistics

General Stats
  • This quiz has been taken 17 times
  • The average score is 8 of 10
Answer Stats
Length Song % Correct
5:08 Be Quiet and Drive (Far Away)
100%
3:35 My Own Summer (Shove It)
100%
4:11 Lhabia
94%
37:19 MX
94%
3:31 Around the Fur
88%
3:45 Mascara
81%
4:36 Dai the Flu
75%
2:42 Rickets
75%
5:12 Headup
69%
3:57 Lotion
63%
No matching quizzes found
Score Distribution
Percent of People with Each Score
Percentile by Number Answered
Your Score History
You have not taken this quiz